LEADER 00961nam0-2200313---450- 001 990008701690403321 005 20080904130218.0 035 $a000870169 035 $aFED01000870169 035 $a(Aleph)000870169FED01 035 $a000870169 100 $a20080904d1920----km-y0itay50------ba 101 0 $aita 102 $aIT 105 $ay-------001yy 200 1 $a<>concetto di regioni e di confini nella sistematica geografica$fGiuseppe Ricchieri 210 $aBologna$cZanichelli$d1920 215 $a11 p.$d24 cm 300 $aEstr. da: Scientia : rivista di Scienze. Serie II, v. 28, n. 7 610 0 $aRegioni 610 0 $aConfini 700 1$aRicchieri,$bGiuseppe$f<1861-1926>$075697 801 0$aIT$bUNINA$gRICA$2UNIMARC 901 $aBK 912 $a990008701690403321 952 $aMisc.024-017$bIst. s.i.$fILFGE 959 $aILFGE 996 $aConcetto di regioni e di confini nella sistematica geografica$9719446 997 $aUNINA LEADER 01597nas 2200361 n 450 001 990009059060403321 005 20240229084315.0 011 $a0038-5298 035 $a000905906 035 $aFED01000905906 035 $a(Aleph)000905906FED01 035 $a000905906 091 $2CNR$aP 00046495 100 $a20161109a19659999km-y0itaa50------ba 101 0 $aeng 102 $aUS 110 $aauu-------- 200 1 $aSoviet applied mechanics 207 1$a1965- 210 $aNew York$cConsultants Bureau 530 0 $aSoviet applied mechanics 675 $a531.8 676 $a620.1/005 801 0$aIT$bACNP$c20090723 859 4 $uhttp://acnp.cib.unibo.it/cgi-ser/start/it/cnr/dc-p1.tcl?catno=31976&person=false&language=ITALIANO&libr=&libr_th=unina1$zBiblioteche che possiedono il periodico 901 $aSE 912 $a990009059060403321 958 $aBiblioteca "Carlo Miranda" del Dipartimento di Matematica e Applicazioni "Renato Caccioppoli" Università Federico II$b1966-1977;1979-1990;$c1977;1980;1982;1990;$ePER. 245$fMA1 959 $aMA1 996 $aSoviet applied mechanics$9786577 997 $aUNINA AP1 8 $6866-01$aNA014 Biblioteca "Carlo Miranda" del Dipartimento di Matematica e Applicazioni "Renato Caccioppoli" Università Federico II$bPER. 245$ev. Cintia-Monte Sant'Angelo, 80126 Napoli (NA)$m081-675749/675738/675848$m081-675746 opp.7662106$nit AP2 40$aacnp.cib.unibo.it$nACNP Italian Union Catalogue of Serials$uhttp://acnp.cib.unibo.it/cgi-ser/start/it/cnr/df-p.tcl?catno=31976&language=ITALIANO&libr=&person=&B=1&libr_th=unina&proposto=NO